000 00295nam a2200109Ia 4500
008 220217s9999||||xx |||||||||||||| ||und||
100 _aSomanathananda
245 0 _aUpanishath bhavadhare
260 _aSri Ramakrishna Ashrama
_bMysore
_c1995
300 _a708p
_b125
650 _aGENERAL BOOKS
999 _c172971
_d172971